Things That Can Fly - Statistics

General Stats
  • This quiz has been taken 33,108 times
    33,100 since last reset
  • The average score is 18 of 22
Answer Stats
Hint Answer % Correct
Wilbur and Orville Wright famously created the first one of these Airplane
99%
Large, legendary creature that is able to breathe fire Dragon
98%
Nocturnal mammal sometimes associated with vampires Bat
97%
Adult caterpillar Butterfly
97%
A slang term for this is "chopper" Helicopter
95%
Fictional superhero whose weakness is Kryptonite Superman
95%
Animal that makes honey Bee
94%
Fictional elephant with large ears in a Walt Disney movie Dumbo
93%
Flexible bag that will fly if filled with helium Balloon
92%
Woman who can fly with the help of a broom Witch
92%
Conspiracy theorists might see one of these over the skies of Area 51 UFO
91%
Remote-controlled robot. Small ones are used as toys. Big ones shoot missiles. Drone
89%
Machine that orbits around a planet or a star Satellite
89%
Spiritual being believed to act as an attender, agent, or messenger of God Angel
88%
Mythical creature in European folklore. Tinkerbell was one. Fairy
88%
Nanny who flew with the help of a magical umbrella Mary Poppins
81%
A non-rigid airship often used to advertise to crowds around stadiums Blimp
65%
Object in outer space consisting of a nucleus of ice and dust Comet
61%
A rigid airship such as the Hindenburg Zeppelin
61%
Mythical creature with the body of a lion and the head and wings of an eagle Griffin
59%
Fastest bird in the world Peregrine Falcon
58%
This dinosaur relative was the first flying reptile to be discovered Pterodactyl
58%
No matching quizzes found
Score Distribution
Percent of People with Each Score
Percentile by Number Answered
Your Score History
You have not taken this quiz since the last reset